Länder mit den meisten Nobelpreisträger*innen - Statistiken

Allgemein
  • Dieses Quiz wurde 115 mal gespielt
  • Das Durchschnittsergebnis liegt bei 25 aus 28
Antwortstatistiken
Anzahl an Preisen Nation % Korrekt
108 Deutschland
100%
70 Frankreich
99%
20 Italien
99%
27 Kanada
99%
13 Norwegen
99%
32 Schweden
99%
384 Vereinigte Staaten
99%
31 Russland
98%
14 Australien
97%
28 Schweiz
97%
8 Spanien
97%
132 Vereinigtes Königreich
97%
28 Japan
96%
22 Österreich
96%
8 China
95%
18 Polen
95%
12 Indien
93%
5 Finnland
90%
13 Dänemark
89%
11 Irland
83%
21 Niederlande
83%
11 Belgien
81%
11 Südafrika
75%
6 Tschechien
73%
5 Argentinien
71%
6 Ukraine
67%
13 Ungarn
67%
12 Israel
61%
Keine übereinstimmenden Quizze gefunden
Verteilung der Resultate
Anzahl Personen mit jedem Resultat
Perzentil nach korrekt beantworteten Fragen
Ihre Resultats-Entwicklung
Sie haben dieses Quiz noch nicht gespielt